Quartiere /
Gorde:
| Beste egile batzuk: | , , |
|---|---|
| Formatua: | |
| Hizkuntza: | italiera |
| Argitaratua: |
Milano :
Deltavideo [distributore],
1994
|
| Etiketak: |
Etiketarik gabe, Izan zaitez lehena erregistro honi etiketa jartzen!
|
MARC
| LEADER | 00000ngm a22000007i 4500 | ||
|---|---|---|---|
| 001 | IT\ICCU\UBO\1276549 | ||
| 003 | ItRI | ||
| 005 | 20260124182920.0 | ||
| 008 | 010503s1994 it |||||||||||||||k|||||c | ||
| 028 | 4 | 2 | |a CL00137 |
| 040 | |b ita | ||
| 041 | 7 | |a ita |2 ISO-639-2 | |
| 130 | 0 | |a Quartiere <film ; 1987> |3 IT\ICCU\CAG\0899546 | |
| 245 | 0 | 0 | |a Quartiere / |c regia Silvano Agosti. |
| 260 | |a Milano : |b Deltavideo [distributore], |c 1994 | ||
| 300 | |a 1 videocassetta (VHS) (ca. 93 min.) : |b color., son | ||
| 500 | |a Tit. del contenitore | ||
| 500 | |a Ripr. del film del 1987; interpreti Vittoria Zinny, Paola Agosti | ||
| 500 | |a Vietato ai minori di 14 anni. | ||
| 700 | 1 | |a Agosti, Silvano, |d (1938- ) |0 IT\ICCU\CFIV\074293 | |
| 700 | 1 | |a Agosti, Paola |0 IT\ICCU\CFIV\077940 | |
| 700 | 1 | |a Zinny, Vittoria |0 IT\ICCU\UBOV\494468 | |
| 790 | 1 | |a Mangiarotti, Aurelio |3 IT\ICCU\SBNV\024708 |z Agosti, Silvano (1938- ) | |
| 942 | |2 ddc |c VM |n 0 | ||
| 952 | |0 0 |1 0 |4 0 |6 VO_529_000000000000000 |7 0 |9 28019 |a BO |b BO |d 2026-01-24 |i 7106 |l 0 |o VO 529 |p BO7106 |r 2026-01-24 18:29:20 |w 2026-01-24 |x [Sebina 5] [1 videocassetta] |y VM |z 1 videocassetta | ||
| 999 | |c 23745 |d 23745 | ||